| 000 | 00416cam a2200157ua 4500 | ||
|---|---|---|---|
| 041 |
_aeng _h |
||
| 082 |
_a581 _bCOB/IN |
||
| 100 | _aCobley, Leslie S. | ||
| 245 |
_aIntroduction to the botany of tropical crops / _cLeslie S Cobley. _hTextual Documents |
||
| 250 |
_a2 / _b. |
||
| 260 |
_aLondon : _bEnglish Language Book Society , _c1976. |
||
| 300 | _a371 ; . | ||
| 504 | _a | ||
| 942 | _cBK | ||
| 999 |
_c9817 _d9817 |
||